Logos des équipes nationales de rugby - Statistiques

Statistiques générales
  • Ce quiz a été pris 90 fois
    39 depuis la dernière actualisation
  • Le résultat moyen est 23 sur 29
Statistiques - réponses
Par images Réponse % Correct
Angleterre
100%
Australie
100%
France
100%
Irlande
100%
Italie
100%
Nouvelle-Zélande
100%
Afrique du Sud
97%
Argentine
97%
Belgique
97%
Canada
97%
Japon
97%
Pays de Galles
97%
Écosse
94%
États-Unis
94%
Fidji
90%
Portugal
90%
Géorgie
84%
Uruguay
74%
Tonga
71%
Espagne
65%
Lions Britanniques et Irlandais
65%
Roumanie
61%
Chili
58%
Namibie
58%
Samoa
58%
Hong Kong
52%
Brésil
48%
Pays-Bas
42%
Zimbabwe
35%
Aucun quiz correspondant
Distribution des résultats
% des personnes avec chaque résultat
Percentile par nombre de réponses
Votre historique - résultats
Vous n’avez pas pris ce quiz depuis la dernière actualisation